| 000 | 00564nam a2200205Ia 4500 | ||
|---|---|---|---|
| 003 | GCL | ||
| 008 | 140319s9999 xx 000 0 ara d | ||
| 040 |
_aGCL / _cGCL |
||
| 082 | 0 | 4 |
_aد _b050 _bر و |
| 100 | 1 | _aاحمد حسن الزيات | |
| 245 | 1 | 0 |
_aالرواية / _cاحمد حسن الزيات |
| 300 | _aمتعدد | ||
| 650 | 0 | 4 | _aالقصص التاريخية |
| 650 | 0 | 4 | _aالقصص الاجتماعية |
| 650 | 0 | 4 | _aالقصص |
| 650 | 0 | 4 | _aدوريات |
| 650 | 0 | 4 | _aتاريخ ونقد |
| 650 | 0 | 4 | _aالمجموعات |
| 942 |
_2ddc _cBK |
||
| 999 |
_c27120 _d27120 |
||